|
|
|
|
| LEADER |
00954nam a22002537a 4500 |
| 001 |
19185 |
| 003 |
BD-DhAAL |
| 008 |
230611t2003 ii ||||| |||| 00| 0dben d |
| 020 |
|
|
|a 8181750152
|
| 040 |
|
|
|a BD-DhAAL
|c BD-DhAAL
|
| 041 |
|
|
|a ben
|
| 082 |
|
|
|a 540.924
|
| 100 |
|
|
|a ঘোষ, জয়দীপ
|9 54592
|
| 245 |
|
|
|a প্রফুল্লচন্দ্র /
|c জয়দীপ ঘোষ.
|
| 246 |
|
|
|a Praphullachandra :
|b a biography of Praphullachandra Ray
|
| 260 |
|
|
|a কলকাতা :
|b প্যাপিরাস,
|c ২০০৩.
|
| 300 |
|
|
|a ৬০ পৃষ্ঠা ;
|c ১৯ সে.মি.
|
| 541 |
|
|
|e 19185
|
| 600 |
|
|
|a Ray, Prafulla Chandra,
|d 1861-1944.
|
| 650 |
|
|
|a Chemistry.
|
| 852 |
|
|
|a Ayesha Abed Library
|c General Stacks
|
| 942 |
|
|
|2 ddc
|c BK
|
| 999 |
|
|
|c 45859
|d 45859
|
| 952 |
|
|
|0 0
|1 0
|2 ddc
|4 0
|6 540_924000000000000_GHO
|7 0
|9 73771
|a BIGD
|b BIGD
|c GEN
|d 2023-06-11
|g 25.00
|l 0
|o 540.924 GHO
|p 3050019185
|r 2023-06-11
|t 1
|w 2023-06-11
|y BK
|